Statistiques concernant Culture Générale - Série 1887

Cliquez ici pour prendre le quiz!

Statistiques générales

  • Ce quiz a été pris 69 fois
  • Le résultat moyen est 4 sur 10

Statistiques - réponses

QuestionRéponse% Correct
Quel condiment est préparé à Dijon et à Meaux ?moutarde
98%
Quel vocable sicilien signifie " loi du silence" ?omerta
79%
Quel est l'ancien nom de la capitale du Japon ?Edo
44%
Ce diplomate et philologue français (1530-1600), est considéré comme l'introducteur du tabac en FranceJean Nicot
42%
C'est la 7° lettre de l'alphabet grec et l'acronyme d'une organisation pyrénéenneeta
41%
C'est une fourrure grise et blanche à base de petit-gris, une variété d'écureuil nordiquevair
21%
Quelle est est l'unité monétaire du Cambodge ?riel
18%
En imprimerie,quel anglicisme désigne le papier utilisé pour reproduire en grand nombre un texte ou un dessin ?stencil
6%
Dans quelle ville africaine se trouve la ville de Edéa ?Cameroun
3%
Comment appelle-t-on le résidu pâteux issu de la distillation du pétrole ?brai
0%

Distribution des résultats

Percentile par nombre de réponses

% des personnes avec chaque résultat

Votre développement - résultats

Vous n’avez pas pris ce quiz